Normal view
MARC view
- Criminology
Entry Topical Term
001 - CONTROL NUMBER
- control field: 36940
003 - CONTROL NUMBER IDENTIFIER
- control field: OSt
005 - DATE AND TIME OF LATEST TRANSACTION
- control field: 20190212144637.0
008 - FIXED-LENGTH DATA ELEMENTS
- fixed length control field: 190212|| aca||aabn | a|a d
040 ## - CATALOGING SOURCE
- Original cataloging agency: OSt
- Transcribing agency: OSt
150 ## - HEADING--TOPICAL TERM
- Topical term or geographic name entry element: Criminology
- General subdivision: Undergraduate thesis.
670 ## - SOURCE DATA FOUND
- Source citation: Work cat.: (OSt): Malubay, Christian Dave P. 36939, Crime rate in Sulop Davao Del Sur Fiscal Year 2013-2014/, November 2018
